00545 2200193 4500001002100000005001500021035002000036007000300056008004100059020001800100082001100118084001700129100002400146245007100170260003400241300004300275650001700318990001600335INLIS00000000000017620231013024004 a0010-1023000112ta231013 g 0 ind  aBA-393-A-1-88 a633.18 a633.18 MUL b0 aMul Mulyani Sutedjo1 aBudidaya Tanaman Padi Di Lahan Pasang Surut /cMul Mulyani Sutedjo aJakarta :bBina Aksara,c1988 axv, 218 hlm, :bilus, ;c15 cm x 21 cm 4aTanaman Padi a00000000191